Language Quiz

Random Language Quiz

Languages of Manchester Quiz Stats

 Plays Quiz not verified by Sporcle

Score 0/30 Timer 05:00
0 Plays Today
Number of Speakers Language % Correct
400,886English
98.3%
2,351French
93.3%
1,869Spanish
93.3%
8,468Chinese
90%
6,447Polish
90%
7,037Arabic
86.7%
844Russian
85%
753Italian
85%
936German
85%
601Hindi
81.7%
13,095Urdu
81.7%
1,458Portuguese
80%
560Turkish
71.7%
720Romanian
68.3%
1,588Greek
66.7%
Number of Speakers Language % Correct
2,660Persian
61.7%
524Vietnamese
61.7%
685Slovak
56.7%
933Czech
56.7%
3,114Bengali
55%
739Malay
53.3%
4,719Punjabi
50%
676Lithuanian
48.3%
490Gujarati
46.7%
674Swahili
45%
2,958Somali
40%
1,147Pashto
33.3%
1,886Kurdish
25%
849Malayalam
21.7%
559Yoruba
21.7%

You're not logged in!

Compare scores with friends on all Sporcle quizzes.
OR
Log In

Sporcle TV

Today on Sporcle TV


Watch our educational content, quiz creation guides, and fun videos on Sporcle TV.

Show Comments

Extras

Top Quizzes Today


Score Distribution

Your Account Isn't Verified!

In order to create a playlist on Sporcle, you need to verify the email address you used during registration. Go to your Sporcle Settings to finish the process.

Report this User

Report this user for behavior that violates our Community Guidelines.

Details: